000 00545nam a22001937a 4500
003 KOHA_MİRAKIL
005 20241003053921.0
008 241002b2013 tu ||||| |||| 00| 0 tur d
020 _a9789944285391
040 _aTR-AnABB
_btur
_cTR-AnABB
041 _atur
082 _a305.4
_bKIV 2013
100 1 _aKıvılcımlı, Ahmet
_91117
245 1 0 _aParti ve fraksiyon /
_cDr.Ahmet Kıvılcımlı.
260 _aİstanbul :
_bSosyal İnsan Yayınları,
_c2013.
300 _a107 sayfa ;
_c20 cm.
650 _aSosyoloji
_9495
942 _2ddc
_cBK
999 _c7694
_d7694
900 _bCan Çelik